000 00251nam a2200097Ia 4500
001 1211107
005 20250827024430.0
008 250824s9999 xx 000 0 und d
245 0 _aBİR KADIN BİR SES
_cDOĞAN CÜCELOĞLU
260 _bREMZİ KİTABEVİ
999 _c1211107
_d1211107